<?xml version="1.0" encoding="UTF-8"?>
<collection xmlns="http://www.loc.gov/MARC21/slim">
 <record>
  <leader>     na                 </leader>
  <controlfield tag="001">INLIS000000000698404</controlfield>
  <controlfield tag="005">20251030012030</controlfield>
  <datafield tag="035" ind1=" " ind2=" ">
   <subfield code="a">0010-1025000350</subfield>
  </datafield>
  <controlfield tag="007">ta</controlfield>
  <controlfield tag="008">251030                g          0 ind  </controlfield>
  <datafield tag="040" ind1=" " ind2=" ">
   <subfield code="a">JIPUBAY</subfield>
  </datafield>
  <datafield tag="100" ind1="0" ind2=" ">
   <subfield code="a">Erik Tapan</subfield>
   <subfield code="e">Pengarang</subfield>
   <subfield code="e">Erik Tapan</subfield>
   <subfield code="e">Pengarang</subfield>
  </datafield>
  <datafield tag="245" ind1="1" ind2=" ">
   <subfield code="a">Penyakit ginjal kronis dan hemodialisis :</subfield>
   <subfield code="b">merawat dan menjaga kesehatan pasien penyakit ginjal kronis dan cuci darah /</subfield>
   <subfield code="c">dr. Erik Tapan, M.H.A.; editor, Rina K. Agata; ilustrator, Lini Estetia PDP</subfield>
  </datafield>
  <datafield tag="250" ind1=" " ind2=" ">
   <subfield code="a">Cetakan pertama</subfield>
  </datafield>
  <datafield tag="300" ind1=" " ind2=" ">
   <subfield code="a">112 halaman :</subfield>
   <subfield code="b">ilustrasi ;</subfield>
   <subfield code="c">21 cm</subfield>
  </datafield>
  <datafield tag="020" ind1=" " ind2=" ">
   <subfield code="a">978-623-00-5235-4</subfield>
  </datafield>
  <datafield tag="082" ind1=" " ind2=" ">
   <subfield code="a">616.610 6</subfield>
  </datafield>
  <datafield tag="084" ind1=" " ind2=" ">
   <subfield code="a">616.610 6 ERI p</subfield>
  </datafield>
  <datafield tag="264" ind1=" " ind2=" ">
   <subfield code="a">Jakarta :</subfield>
   <subfield code="b">PT. Elex Media Komputindo,</subfield>
   <subfield code="c">2023</subfield>
  </datafield>
  <datafield tag="336" ind1=" " ind2=" ">
   <subfield code="2">rdacontent</subfield>
  </datafield>
  <datafield tag="337" ind1=" " ind2=" ">
   <subfield code="2">rdamedia</subfield>
   <subfield code="a">tanpa perantara</subfield>
  </datafield>
  <datafield tag="338" ind1=" " ind2=" ">
   <subfield code="2">rdacarrier</subfield>
   <subfield code="a">volume</subfield>
  </datafield>
  <datafield tag="520" ind1=" " ind2=" ">
   <subfield code="a">Mengidap penyakit ginjal kronis dan menjalani hemodialisis bukanlah kondisi yang diharapkan siapa pun, namun risikonya bisa mengintai kelompok tertentu seperti penderita hipertensi, diabetes, obesitas, kolesterol tinggi, hingga mereka yang berusia di atas 50 tahun dengan penyakit penyerta. Buku ini hadir sebagai panduan lengkap dan praktis bagi siapa pun yang ingin memahami lebih dalam tentang penyakit ginjal kronis dan upaya pencegahan agar tak buru-buru menjalani cuci darah. Ditulis oleh dokter berpengalaman di bidang hemodialisis, isi buku disampaikan dengan gaya populer yang mudah dipahami, disertai tips aplikatif dan wawasan yang berbasis ilmu sekaligus pengalaman nyata. Bagi pasien pemula, buku ini menjadi pegangan penting untuk menjalani hidup yang nyaman, panjang, dan berkualitas meski harus berdampingan dengan mesin cuci darah.</subfield>
  </datafield>
  <datafield tag="650" ind1=" " ind2="4">
   <subfield code="a">Ginjal - Penyakit</subfield>
  </datafield>
  <datafield tag="650" ind1=" " ind2="4">
   <subfield code="a">Ginjal - Perawatan</subfield>
  </datafield>
  <datafield tag="700" ind1="0" ind2=" ">
   <subfield code="a">Erik Tapan</subfield>
   <subfield code="e">Pengarang</subfield>
  </datafield>
  <datafield tag="700" ind1="0" ind2=" ">
   <subfield code="a">Rina K. Agata</subfield>
   <subfield code="e">Penyunting</subfield>
  </datafield>
  <datafield tag="700" ind1="0" ind2=" ">
   <subfield code="a">Lini Estetia PDP</subfield>
   <subfield code="e">Ilustrator</subfield>
  </datafield>
  <datafield tag="850" ind1=" " ind2=" ">
   <subfield code="a">JIPUBAY</subfield>
  </datafield>
 </record>
</collection>
